Estudio sobre el desarrollo de capacidades para el manejo eficiente de programas de desarrollo sostenible en la zona fronteriza de la República Dominicana - Informe de avance 2. (Record no. 9692)

MARC details
000 -LEADER
campo de control de longitud fija 00507nam a2200133Ia 4500
001 - NÚMERO DE CONTROL
campo de control 84
008 - DATOS DE LONGITUD FIJA--INFORMACIÓN GENERAL
campo de control de longitud fija 241024s9999 xx 000 0 und d
082 ## - NÚMERO DE LA CLASIFICACIÓN DECIMAL DEWEY
Número de clasificación RD/333.7/S451e
100 ## - ENTRADA PRINCIPAL--NOMBRE DE PERSONA
Nombre de persona [*SIN AUTOR*]
245 #0 - MENCIÓN DEL TÍTULO
Título Estudio sobre el desarrollo de capacidades para el manejo eficiente de programas de desarrollo sostenible en la zona fronteriza de la República Dominicana - Informe de avance 2.
260 ## - PUBLICACIÓN, DISTRIBUCIÓN, ETC.
Nombre del editor, distribuidor, etc. Agencia de Cooperación Internacional de Japón
Fecha de publicación, distribución, etc. 2008
901 ## - ELEMENTOS DE DATOS A LOCAL LDA (RLIN)
a 14/1/2011 2:01:59 p.m.

No items available.

© 2024. Todos los Derechos Reservados. Desarrollado por IDEICE